书目信息 |
| 题名: |
镀锌实践概论
|
|
| 作者: | 何福朝 译 | |
| 分册: | ||
| 出版信息: | 北京 友谊出版公司 1984 |
|
| 页数: | 63页 | |
| 开本: | 21cm | |
| 丛书名: | ||
| 单 册: | ||
| 中图分类: | TQ153.1 | |
| 科图分类: | ||
| 主题词: | 电镀--化学工业 | |
| 电子资源: | ||
| ISBN: | ||
| 000 | 00628nam0 2200229 45 | |
| 001 | 0184011477 | |
| 005 | 20060104153656.00 | |
| 010 | @dCNY0.60 | |
| 091 | @a15309.1 | |
| 100 | @a19950701d1984 emky0chiy0121 ea | |
| 101 | 1 | @achi@ceng |
| 102 | @aCN@b110000 | |
| 105 | @ay z 000yy | |
| 200 | 10 | @a镀锌实践概论@Adu xin shi jian gai lun@f何福朝等译@Fhe fu chao deng yi |
| 210 | @a北京@c友谊出版公司@d1984 | |
| 215 | @a63页@d21cm | |
| 606 | 0 | @a电镀@x化学工业 |
| 690 | @aTQ153.1 | |
| 701 | 0 | @a何福朝@Ahe fu chao@4译 |
| 801 | 2 | @aCN@bNLC@c20060104 |
| 801 | 0 | @aCN@b上海图书馆@c20040518 |
| 905 | @f2@b119589-590@dTQ153.1@e11 | |
| 镀锌实践概论/何福朝等译.-北京:友谊出版公司,1984 |
| 63页;21cm |
| ISBN :CNY0.60 |
| ● |
| 相关链接 |
|
|
|
|
正题名:镀锌实践概论
索取号:TQ153.1/11
 
预约/预借
| 序号 | 登录号 | 条形码 | 馆藏地/架位号 | 状态 | 备注 |
| 1 | 0119589 | 001647043 | 第三借阅区/ [索取号:TQ153.1/11] | 在馆 | |
| 2 | 0119590 | 001647034 | 第三借阅区/ [索取号:TQ153.1/11] | 在馆 | |
| 3 | 0119591 | 202185027 | 密集书库/ [索取号:TQ153.1/11] | 在馆 |